Giáo trình Visual Basic [Đĩa CD-ROM] /
Sparad:
| Institutionell upphovsman: | |
|---|---|
| Materialtyp: | CD |
| Publicerad: |
TP.HCM :
Nhóm phát triển phần mềm sinh viên học sinh,
2006
|
| Taggar: |
Lägg till en tagg
Inga taggar, Lägg till första taggen!
|
| Thư viện lưu trữ: | Thư viện Trường Đại học Đà Lạt |
|---|
| LEADER | 00706nam a2200241 4500 | ||
|---|---|---|---|
| 001 | DLU060056933 | ||
| 005 | ##20061127 | ||
| 040 | # | # | |a DLU |b vie |
| 082 | # | # | |a 005.133 |b NHO |
| 110 | # | # | |a Nhóm phát triển phần mềm sinh viên học sinh |
| 245 | # | # | |a Giáo trình Visual Basic [Đĩa CD-ROM] / |c Nhóm phát triển phần mềm sinh viên học sinh |
| 256 | # | # | |a 4 3/4 in. |
| 260 | # | # | |a TP.HCM : |b Nhóm phát triển phần mềm sinh viên học sinh, |c 2006 |
| 300 | # | # | |a 1 đĩa CD-ROM 4 3/4 in. |
| 992 | # | # | |a 24.000 |
| 994 | # | # | |a DLU |
| 900 | # | # | |a True |
| 911 | # | # | |a Nguyễn Xuân Phương |
| 925 | # | # | |a CD |
| 926 | # | # | |a A |
| 927 | # | # | |a CD |
| 980 | # | # | |a Thư viện Trường Đại học Đà Lạt |